Production drawing / (Record no. 10190)
[ view plain ]
| 000 -LEADER | |
|---|---|
| fixed length control field | 00602cam a2200241ua 4500 |
| 020 ## - INTERNATIONAL STANDARD BOOK NUMBER | |
| ISBN | 81-224-0953-9 |
| 041 ## - LANGUAGE CODE | |
| Language code of text/sound track or separate title | eng |
| 082 ## - DEWEY DECIMAL CLASSIFICATION NUMBER | |
| Classification number | 604.2 |
| Item number | NAR/PR |
| 100 ## - MAIN ENTRY--AUTHOR NAME | |
| Personal name | Narayana, K.I . |
| 245 ## - TITLE STATEMENT | |
| Title | Production drawing / |
| 260 ## - PUBLICATION, DISTRIBUTION, ETC. (IMPRINT) | |
| Place of publication | New Delhi : |
| Name of publisher | New Age International Ltd , |
| Year of publication | 1997. |
| 300 ## - PHYSICAL DESCRIPTION | |
| Number of Pages | 318 ; . |
| 500 ## - GENERAL NOTE | |
| General note | *CSS |
| 700 1# - ADDED ENTRY--PERSONAL NAME | |
| Personal name | kanniah, P . |
| 700 1# - ADDED ENTRY--PERSONAL NAME | |
| Personal name | Venkata Reddy, K . |
| 942 ## - ADDED ENTRY ELEMENTS (KOHA) | |
| Koha item type | Books |
| Withdrawn status | Lost status | Damaged status | Home library | Current library | Date acquired | Full call number | Accession Number | Koha item type | Shelving location |
|---|---|---|---|---|---|---|---|---|---|
| KAUAET | KAUAET | 07/04/2012 | 604.2 NAR/PR | 19944 | Books | ||||
| KAUAET | KAUAET | 31/08/2018 | 604.2 NAR/PR | 20205 | Books | Scheme | |||
| KAUAET | KAUAET | 31/08/2018 | 604.2 NAR/PR | 20204 | Books | Scheme | |||
| KAUAET | KAUAET | 31/08/2018 | 604.2 NAR/PR | 20311 | Books | Scheme |
